| 000 | 00492nam a22001697a 4500 | ||
|---|---|---|---|
| 005 | 20260513125844.0 | ||
| 008 | 260513b |||||||| |||| 00| 0 eng d | ||
| 020 | _a9781637423097 | ||
| 041 | _aEng | ||
| 082 | _a658.421 FLE | ||
| 100 | _aFleming; Martin | ||
| 245 | _aBreakthrough: A Growth Revolution | ||
| 260 |
_aNew York _bBusiness Expert Press _c2022 |
||
| 300 | _a199;. P. 22 cm | ||
| 650 | _aEconomic Growth Innovation; Technology Management; Industrial Management | ||
| 942 | _cBK | ||
| 999 |
_c46551 _d46551 |
||